01200nam a22002535a 450000500170000000800410001702000180005804000280007608200220010410000270012624500500015325000120020326000600021530000250027549000310030050000250033152003420035665000580069865100100075665300210076694200080078799900170079595201340081220160322103713.0160322s2008 enk fr 001 0 eng d a9780853696995 aEG-ScBUEbengcEG-ScBUE04a615.1076bBUK2221 aBukhari, Nadia.93962310aRegistration exam questions /cNadia Bukhari. a1st ed. aLondon :bPharmaceutical Press / RPS Publishing,c2008. axv, 140 p. ;c22 cm.0 aTomorrow's pharmacist ;v2 aIndex : p. 135-140.  aUK pharmacy trainees must take the registration exam at the end of the pre-registration year in order to practice pharmacy in Great Britain. Written by a former question writer for the Society Registration exam, this work contains over 400 open and closed-book questions with descriptive answers, giving the reasoning behind the answers. 7aPharmacyvExaminations, questions, etc.2BUEsh939624 2BUEsh bPPhrmcMarch2016 2ddc c21470d21442 00102ddc40708Scien. H.aMAINbMAINc1STd2016-03-22ePurchaseg250.00h1l0o615.1076 BUKp000032133r2025-07-15 00:00:00yBB